Universitas (Record no. 2345)

MARC details
000 -LEADER
campo de control de longitud fija 01340nas a2200361 i 4500
001 - NÚMERO DE CONTROL
campo de control 2345
003 - IDENTIFICADOR DE NÚMERO DE CONTROL
campo de control ES-MaACL
005 - FECHA Y HORA DE LA ÚLTIMA TRANSACCIÓN
campo de control 20250724062604.0
007 - CAMPO FIJO DE DESCRIPCIÓN FÍSICA--INFORMACIÓN GENERAL
campo de control de longitud fija t|
008 - DATOS DE LONGITUD FIJA--INFORMACIÓN GENERAL
campo de control de longitud fija 950801d19621991gw q| p | ||pa d
022 ## - NÚMERO INTERNACIONAL NORMALIZADO PARA PUBLICACIONES SERIADAS
Número Internacional Normalizado para Publicaciones Seriadas 0341-0102
022 ## - NÚMERO INTERNACIONAL NORMALIZADO PARA PUBLICACIONES SERIADAS
Número Internacional Normalizado para Publicaciones Seriadas 0341-0129 (English ed.)
080 ## - NÚMERO DE LA CLASIFICACIÓN DECIMAL UNIVERSAL
Número de la Clasificación Decimal Universal 008
245 00 - MENCIÓN DEL TÍTULO
Título Universitas
Resto del título : revista trimestral alemana de letras, ciencias y arte /
Mención de responsabilidad, etc. [revista del Instituto de Colaboración Científica].
246 3# - FORMA VARIANTE DEL TITULO
Título propio/Titulo breve Universitas (Stuttgart. Ed. española)
246 10 - FORMA VARIANTE DEL TITULO
Título propio/Titulo breve Universitas
Resto del título : an interdisciplinary journal for the sciencies and humanities
Fecha o designación secuencial (1992-1993)
246 3# - FORMA VARIANTE DEL TITULO
Título propio/Titulo breve Universitas (Stuttgart. English ed.)
260 ## - PUBLICACIÓN, DISTRIBUCIÓN, ETC.
Lugar de publicación, distribución, etc. Stuttgart (Alemania) :
Nombre del editor, distribuidor, etc. Wissenschaftliche Verlagsgesellschaft,
Fecha de publicación, distribución, etc. [1962-1991]
300 ## - DESCRIPCIÓN FÍSICA
Extensión v. ;
Dimensiones 21 cm.
300 ## - DESCRIPCIÓN FÍSICA
Extensión v. ;
Dimensiones 23 cm.
310 ## - PERIODICIDAD ACTUAL
Periodicidad actual Trimestral
362 0# - FECHAS DE PUBLICACIÓN Y/O DESIGNACIÓN SECUENCIAL
Fecha de publicación y/o designación secuencial Cesó en 1991.
362 0# - FECHAS DE PUBLICACIÓN Y/O DESIGNACIÓN SECUENCIAL
Fecha de publicación y/o designación secuencial Vol. 1, n. 1 (dic. 1962)-
590 0# - NOTA LOCAL (RLIN)
Nota local Descripción basada en : Vol. 22, n. 1 (sept. 1984)
650 #7 - PUNTO DE ACCESO ADICIONAL DE MATERIA--TÉRMINO DE MATERIA
Término de materia o nombre geográfico como elemento de entrada Cultura
Fuente del encabezamiento o término embne
9 (RLIN) 170963
655 #7 - TERMINO DE INDIZACIÓN--GENERO/FORMA
Fuente del término tgfbne
9 (RLIN) 226866
Datos o término principal de género/forma Revistas
710 2# - ENTRADA AGREGADA--NOMBRE DE ENTIDAD CORPORATIVA
Nombre de entidad corporativa o nombre de jurisdicción como elemento de entrada Institut für Wissenschaftliche Zusammenarbeit mit Entwicklungslandern (Tübingen)
9 (RLIN) 161945
852 ## - LOCALIZACIÓN
Ubicación ES-MaACL
Número de control de estantería Hem-1836
866 #0 - MENCIÓN TEXTUAL DE FONDOS--UNIDAD BIBLIOGRÁFICA BÁSICA
Fondos 1984-(1985),(1987)-1988-89,(1991)1992-1993.
942 ## - ELEMENTOS DE ENTRADA SECUNDARIOS (KOHA)
Fuente del sistema de clasificación o colocación Clasificación decimal universal
Tipo de ítem Koha Revista
Holdings
Estatus retirado Estado de pérdida Fuente del sistema de clasificación o colocación Estado de daño No para préstamo Colección Biblioteca de origen Biblioteca actual Ubicación en estantería Fecha de adquisición Total de préstamos Signatura topográfica completa Código de barras Visto por última vez Precio de reemplazo Tipo de ítem Koha
    Clasificación decimal universal     Periódicos y Revistas Biblioteca del Ateneo de Madrid Biblioteca del Ateneo de Madrid Hemeroteca 17/01/2008   Hem-1836 1002386 23/02/2023 23/02/2023 Revista